00443 2200169 4500001002100000008004100021035002000062245002800082100001700110260003700127300001400164020001800178082001100196650004000207990001300247990001300260INLIS000000000001902 ind  a0010-0423001902 aKUMPULAN KISAH PAHLAWAN aSRI HARTATIK aJAKARTAbBINTANG INDONESIAc2011 ahlm.ccm. a9786028146906 a920598 aBIOGRAFI - INDONESIAM (ORANG-ORANG) a100338-1 a100338-1